Transfery Warty Poznań w letnim okienku transferowym 2020/21 - Statystyki

Ogólne statystyki
  • Ten quiz został rozwiązany 12 razy
  • Średni wynik to 5 z 9
Statystyki odpowiedzi
Cena Pozycja Poprzedni klub Piłkarz % Poprawnych
Za darmo Defensywny pomocnik Arka Gdynia Kopczyński
100%
Wypożyczenie Bramkarz Górnik Zabrze Bielica
64%
Za darmo Prawy obrońca ŁKS Łódź Grzesik
64%
Za darmo Środkowy obrońca FC Honka Ivanov
55%
Za darmo Prawy obrońca Korona Kielce Spychała
55%
Za darmo Ofensywny pomocnik Olimpia Grudziądz Handzlik
45%
Za darmo Środkowy napastnik Chojniczanka Chojnice Kuzimski
36%
Za darmo Lewy napastnik Recreativo Granada Rodriguez
36%
Za darmo Środkowy pomocnik Odra Opole Czyżyński
0%
Nie znaleziono quizów pasujących do podanych kryteriów
Rozkład punktacji
Procent ludzi z każdym wynikiem
Percentyl według liczby udzielonych odpowiedzi
Twoja historia wyników
Nie rozwiązałeś tego quizu